Tea and tourism: Tourists, traditions and transformations (Record no. 152870)

MARC details
000 -LEADER
fixed length control field 00395nam a2200145Ia 4500
008 - FIXED-LENGTH DATA ELEMENTS--GENERAL INFORMATION
fixed length control field 230917s9999||||xx |||||||||||||| ||und||
040 ## - CATALOGING SOURCE
-- 134600
Original cataloging agency VIVEKANANDA LIBRARY
041 ## - Language
-- English
082 ## - DDC NUMBER
Classification number 394.12 T22T
100 ## - MAIN ENTRY--PERSONAL NAME
Personal name Jolliffe, Lee
245 #0 - TITLE STATEMENT
Title Tea and tourism: Tourists, traditions and transformations
260 ## - PUBLICATION, DISTRIBUTION, ETC. (IMPRINT)
Place of publication, distribution, etc Clevedon
Name of publisher, distributor, etc Channel View Publications
Date of publication, distribution, etc 2007
300 ## - PHYSICAL DESCRIPTION
Pages 26. p.
942 ## - ADDED ENTRY ELEMENTS (KOHA)
Koha item type Books
Holdings
Withdrawn status Lost status Damaged status Not for loan Location (home branch) Sublocation or collection (holding branch) Shelving location Date acquired Koha issues (times borrowed) Koha full call number Accession No. Koha date last seen Koha item type
        VIVEKANANDA LIBRARY VIVEKANANDA LIBRARY IHTM Library 10/02/2010   394.12 T22T 276765 17/09/2023 Books
© Designed and Maintained by Vivekananda Library, MDU Rohtak